000 00724nam a2200265Ia 4500
003 OSt
005 20220925200320.0
006 a|||||r|||| 00| 0
007 ta
008 220923b |||||||| |||| 00| 0 eng d
020 _a8120201876
037 _cGeneral Book
040 _aRTL
_cRTL
_beng
041 _2eng
_aeng
082 _aY13.2.N8, M7
100 _aSharma M L
_9102031
245 0 _aAging in India
_b Challenge for the society
260 _aDelhi
_bAjanta
_c1987
300 _axvi,250p
_ccm.
500 _aBibliography Chapterwise
650 _aOld Persons
700 _a Dak T M
_9138729
942 _hY13.2.N8, M7
_cGB
_2CC
999 _c536167
_d536167